| 000 | 01611cam a22002537a 4500 | ||
|---|---|---|---|
| 999 |
_c10519 _d10519 |
||
| 003 | OSt | ||
| 005 | 20220330131301.0 | ||
| 008 | 150619s2015 gw a b 001 0 eng d | ||
| 020 | _a3869222999 | ||
| 020 | _a9783869222998 | ||
| 042 | _alccopycat | ||
| 072 | 7 |
_aNA _2lcco |
|
| 082 | 0 | 4 |
_a720.92/2 _223 |
| 100 | 1 |
_aBelogolovskiĭ, Vladimir, _d1970- |
|
| 245 | 1 | 0 |
_aConversations with architects : _bin the age of celebrity / _cVladimir Belogolovsky. |
| 260 |
_aBerlin : _bDom Publishers, _c2015. |
||
| 300 |
_a583 p. : _bill. (some col.) ; _c23 cm. |
||
| 504 | _aIncludes bibliographical references and index. | ||
| 505 | 0 | _aStarchitecture : the big bang / Vladimir Belogolovsky -- The iconic building in an agnostic age / interview with Charles Jencks -- Fame, beauty, spectacle and today's role of architects / interview wth Kenneth Frampton -- Tracking the architects : a personal account of the interviewer / Vladimir Belogolovsky -- Conversations with : David Adjaye, Will Alsop, Alejandro Aravena, Shigeru Ban, Elizabeth Diller, Winka Debbeldam, Peter Eisenman, Norman Foster, Zaha Hadid, Steven Holl, Bjarke Ingels, Kengo Kuma, Daniel Libeskind, Jürgen Mayer H., Giancarlo Mazzanti, Richard Meier, Paulo Mendes da Rocha, Glenn Murcutt, Gregg Pasquarelli, Joshua Prince-Ramus, Wolf Prix, Kevin Roche, Robert Stern, Sergei Tchoban and Sergey Kuznetsov, Bernard Tschumi, Robert Venturi and Denise Scott Brown, Rafael Viñoly, Alejandro Zaera-Polo. | |
| 650 | 0 |
_aArchitects _vInterviews. |
|
| 650 | 0 |
_aArchitecture, Modern _y20th century. |
|
| 650 | 0 |
_aArchitecture, Modern _y21st century. |
|
| 942 | _2ddc | ||